Pays du monde en 1914 - Statistiques

Statistiques générales
  • Ce quiz a été pris 167 fois
    161 depuis la dernière actualisation
  • Le résultat moyen est 39 sur 53
Statistiques - réponses
Continent Pays % Correct
France
94%
Allemagne
91%
Etats-Unis
90%
Asie Chine
88%
Russie
86%
Amérique Argentine
83%
Japon
83%
Mexique
83%
Portugal
83%
Brésil
82%
Espagne
82%
Suède
82%
Royaume-Uni
81%
Norvège
80%
Belgique
79%
Chili
79%
Colombie
79%
Italie
78%
Paraguay
78%
Pays-Bas
78%
Empire Ottoman
77%
Venezuela
77%
Cuba
76%
Grèce
76%
Monaco
76%
Panama
75%
Uruguay
75%
Andorre
74%
Bulgarie
73%
Danemark
73%
Afrique Ethiopie
73%
Luxembourg
73%
Suisse
73%
Autriche-Hongrie
72%
Pérou
72%
Bolivie
71%
Costa Rica
71%
Guatemala
71%
Equateur
70%
Saint-Marin
70%
Serbie
70%
Haïti
69%
Roumanie
69%
Nicaragua
67%
Salvador
67%
Europe Albanie
66%
Honduras
66%
Liberia
63%
Liechtenstein
63%
République Dominicaine
55%
Monténégro
54%
Perse
46%
Siam
40%
Aucun quiz correspondant
Distribution des résultats
% des personnes avec chaque résultat
Percentile par nombre de réponses
Votre historique - résultats
Vous n’avez pas pris ce quiz depuis la dernière actualisation